[Event "Ch Poland (team)"]
[Site "masterchessopen.com - Mikolajki (Poland)"]
[Round "7"]
[White "Jasnikowski Zbigniew (POL)"]
[Black "Kuczynski Robert (POL)"]
[Result "1/2-1/2"]
[WhiteElo "2376"]
[BlackElo "2480"]

1.c4 Nf6 2.Nc3 c6 3.e4 e5 4.Nf3 Qa5 5.a3 Be7 6.Be2 O-O 7.O-O d5 8.exd5 cxd5
9.b4 Qc7 10.Nb5 Qd8 11.Nc3 Be6 {#d} 1/2-1/2

[Event "It (open)"]
[Site "masterchessopen.com - Rio de Janeiro (Brazil)"]
[Round "5"]
[White "Mascarenhas Alberto (BRA)"]
[Black "Teixeira Ricardo Da Silva (BRA)"]
[Result "1/2-1/2"]
[WhiteElo "2260"]
[BlackElo "2266"]

1.c4 Nf6 2.Nc3 d5 3.cxd5 Nxd5 4.g3 g6 5.Bg2 Nxc3 6.bxc3 Bg7 7.Rb1 c6 8.Qa4 O-O
9.h4 Nd7 10.h5 Nb6 11.Qh4 Bf6 12.Qb4 Qd6 13.hxg6 {#d} 1/2-1/2

[Event "Ch Slovakia"]
[Site "masterchessopen.com - Trencin (Slovakia)"]
[Round "0"]
[White "Masarik Drahoslav (SVK)"]
[Black "Siroky Jan (SVK)"]
[Result "1/2-1/2"]
[WhiteElo "2027"]
[BlackElo "2166"]

1.c4 Nf6 2.Nc3 d5 3.cxd5 Nxd5 4.g3 g6 5.Bg2 Nxc3 6.bxc3 Bg7 7.Rb1 O-O 8.Rxb7
Bxb7 9.Bxb7 Nd7 10.Bxa8 Qxa8 11.Nf3 Ne5 12.O-O Nxf3+ 13.exf3 {#d} 1/2-1/2

[Event "Ch World (juniors)"]
[Site "masterchessopen.com - Warsaw (Poland)"]
[Round "0"]
[White "Al Sayed Mohamad N (QAT)"]
[Black "Ganguly Surya Shekhar (IND)"]
[Result "0-1"]
[WhiteElo "2519"]
[BlackElo "2631"]

1.c4 Nf6 2.Nc3 d5 3.d3 g6 4.Nf3 Bg7 5.g3 O-O 6.Bg2 c6 7.O-O Nbd7 8.cxd5 cxd5
9.d4 b6 10.Ne5 Bb7 11.b3 Rc8 12.Bb2 e6 13.Rc1 Nxe5 14.dxe5 Ng4 15.f4 Ne3
16.Qd2 Nxf1 {#R} 0-1

[Event "It (open)"]
[Site "masterchessopen.com - Olot (Spain)"]
[Round "0"]
[White "Garriga Nualart Josep (ESP)"]
[Black "Vall De Vilaramo Jordi (ESP)"]
[Result "1/2-1/2"]
[WhiteElo "2319"]
[BlackElo "2188"]

1.c4 Nf6 2.Nc3 d5 3.cxd5 Nxd5 4.g3 g6 5.Bg2 Nb6 6.Nf3 Bg7 7.O-O O-O 8.d3 Nc6
9.Be3 e5 10.Qd2 Re8 11.Bh6 Bh8 12.Rac1 Nd4 13.e4 Nxf3+ 14.Bxf3 Be6 15.b4 Qd7
{#d} 1/2-1/2

[Event "Ch NRW (juniors) (under 17)"]
[Site "masterchessopen.com - Telgte (Germany)"]
[Round "5"]
[White "Kniest Oliver (GER)"]
[Black "Stopsack Malte (GER)"]
[Result "1/2-1/2"]
[WhiteElo "2295"]
[BlackElo "2242"]

1.c4 Nf6 2.Nc3 g6 3.g3 Bg7 4.Bg2 O-O 5.e4 d6 6.Nge2 c6 7.O-O a6 8.a4 a5 9.d3
Na6 10.h3 Nb4 11.f4 e5 12.Be3 Re8 {#d} 1/2-1/2

[Event "Ch Romania (team)"]
[Site "masterchessopen.com - Romania"]
[Round "0"]
[White "Adoamnei Roxana (ROM)"]
[Black "Peptan Corina-Isabela (ROM)"]
[Result "1/2-1/2"]
[WhiteElo "1975"]
[BlackElo "2421"]

1.c4 Nf6 2.Nc3 d5 3.cxd5 Nxd5 4.g3 g6 5.Bg2 Nb6 6.d3 Bg7 7.Be3 N8d7 8.Qd2 h6
9.Rc1 Nf6 10.Nf3 c6 11.O-O Ng4 12.Bc5 Nd7 13.Ba3 O-O 14.b3 Re8 15.d4 e5 16.d5
e4 {#d} 1/2-1/2

[Event "Ch Europe (juniors) (under 14)"]
[Site "masterchessopen.com - Baile Herculane (Romania)"]
[Round "0"]
[White "Felecan Florin (USA)"]
[Black "Davtian Tigran (ARM)"]
[Result "1-0"]
[WhiteElo "2381"]
[BlackElo "2150"]

1.c4 Nf6 2.Nc3 d5 3.cxd5 Nxd5 4.Nf3 g6 5.Qa4+ Nc6 6.Ne5 Nxc3 7.dxc3 Bg7 8.Nxc6
Qd7 9.g3 Qxc6 10.Qxc6+ bxc6 11.Bg2 Bd7 12.Be3 Rb8 13.O-O-O e5 14.Rd2 Be6
15.Rhd1 Rd8 16.Rd7 {#r} 1-0

[Event "It (cat.12)"]
[Site "masterchessopen.com - Belgrade (Yugoslavia)"]
[Round "2"]
[White "Skembris Spyridon (GRE)"]
[Black "Ilincic Zlatko (SRB)"]
[Result "1/2-1/2"]
[WhiteElo "2525"]
[BlackElo "2555"]

1.c4 Nf6 2.Nc3 g6 3.Nf3 Bg7 4.g3 O-O 5.Bg2 d5 6.cxd5 Nxd5 7.O-O Nb6 8.b3 Nc6
9.Ba3 Re8 10.Rc1 e5 11.d3 f5 {#d} 1/2-1/2

[Event "Ch PF"]
[Site "masterchessopen.com - Bellheim (Germany)"]
[Round "0"]
[White "Lang Marc (GER)"]
[Black "Hoegerl Gerd (GER)"]
[Result "1/2-1/2"]
[WhiteElo "2306"]
[BlackElo "2218"]

1.c4 Nf6 2.Nc3 d5 3.cxd5 Nxd5 4.g3 g6 5.Bg2 c6 6.h4 Nf6 7.Nh3 Bg7 8.Ng5 h6
9.Nge4 Nbd7 10.d4 Qa5 11.Nxf6+ Nxf6 12.O-O {#d} 1/2-1/2

[Event "Ch Czech Republic (w)"]
[Site "masterchessopen.com - Chrudim (Czech Republic)"]
[Round "3"]
[White "Prymulova Ruslana (CZE)"]
[Black "Kubikova Hana (CZE)"]
[Result "1/2-1/2"]
[WhiteElo "2035"]
[BlackElo "2159"]

1.c4 Nf6 2.Nc3 g6 3.g3 Bg7 4.Bg2 d6 5.e3 e5 6.Nge2 Nc6 7.O-O h5 8.h4 O-O 9.d4
Bg4 10.d5 Ne7 11.f3 Bd7 12.Kh2 Nh7 13.Ng1 Nf5 14.Nh3 Nh6 15.Ne4 Qe7 {#d}
1/2-1/2

[Event "Ch Club"]
[Site "masterchessopen.com - Denmark"]
[Round "3"]
[White "Elgaard Brian K (DEN)"]
[Black "Molvig Henrik (DEN)"]
[Result "1/2-1/2"]
[WhiteElo "2248"]
[BlackElo "2220"]

1.c4 Nf6 2.Nc3 g6 3.g3 Bg7 4.Bg2 O-O 5.e3 c6 6.Nge2 d5 7.cxd5 cxd5 8.d4 Nc6
9.Nf4 e6 10.Bd2 b6 11.Rc1 Bb7 12.O-O Rc8 13.Qa4 Qe7 14.Rfd1 Rfd8 15.Be1 Ne8
{#d} 1/2-1/2

[Event "It (open)"]
[Site "masterchessopen.com - Kassel (Germany)"]
[Round "5"]
[White "Mittendorf Frank (GER)"]
[Black "Kurth Justus (GER)"]
[Result "1-0"]
[WhiteElo "2126"]
[BlackElo "2270"]

1.c4 Nf6 2.Nc3 c6 3.e4 e5 4.Nf3 Qa5 5.Be2 Bb4 6.Qc2 O-O 7.O-O d6 8.a3 Bg4
9.Na4 b5 10.axb4 Qxb4 11.Nb6 {#r} 1-0

[Event "Ch Hungary (juniors) (under 18)"]
[Site "masterchessopen.com - Paks (Hungary)"]
[Round "0"]
[White "Juhasz Laszlo (HUN)"]
[Black "Horvath Andras (HUN)"]
[Result "1/2-1/2"]
[WhiteElo "2175"]
[BlackElo "2308"]

1.c4 Nf6 2.Nc3 g6 3.g3 Bg7 4.Bg2 c6 5.e4 e5 6.d4 d6 7.Nge2 O-O 8.O-O Qc7 9.h3
Nbd7 10.Be3 a5 11.b3 Re8 12.Qc2 exd4 13.Nxd4 Nc5 14.Rfe1 Be6 15.Rad1 {#d}
1/2-1/2

[Event "Ch Romania (team)"]
[Site "masterchessopen.com - Romania"]
[Round "0"]
[White "Breahna Radu (ROM)"]
[Black "Tomescu Vlad (ROM)"]
[Result "1/2-1/2"]
[WhiteElo "2275"]
[BlackElo "2340"]

1.c4 Nf6 2.Nc3 d5 3.cxd5 Nxd5 4.g3 g6 5.Bg2 Nxc3 6.bxc3 Bg7 7.Nf3 O-O 8.O-O c5
9.Rb1 Nc6 10.Qc2 b6 11.d3 Bb7 12.Nd2 Qc7 13.Nc4 {#d} 1/2-1/2

[Event "It (open)"]
[Site "masterchessopen.com - Wattenscheid (Germany)"]
[Round "7"]
[White "Trzaska Peter (GER)"]
[Black "Schockenbaeumer Dirk (GER)"]
[Result "1/2-1/2"]
[WhiteElo "2121"]
[BlackElo "2169"]

1.c4 Nf6 2.Nc3 d5 3.cxd5 Nxd5 4.g3 g6 5.Bg2 Nxc3 6.bxc3 Bg7 7.Nf3 c5 8.O-O O-O
9.Rb1 Nc6 10.Qa4 Qa5 11.Qxa5 Nxa5 12.Ba3 b6 13.Nh4 Bb7 {#d} 1/2-1/2

[Event "Ch Baden-Wuerttemberg (juniors) (under 17)"]
[Site "masterchessopen.com - Baden-Wuerttemberg (Germany)"]
[Round "0"]
[White "Schuelke Tilman (GER)"]
[Black "Kill Matthias (GER)"]
[Result "1/2-1/2"]
[WhiteElo "2005"]
[BlackElo "2084"]

1.c4 Nf6 2.Nc3 g6 3.d3 Bg7 4.Nf3 O-O 5.g3 b6 6.Bg2 Bb7 7.O-O d5 8.cxd5 Nxd5
9.Bd2 Nd7 10.Rc1 e5 11.a3 Nc5 12.b4 Ne6 13.Qc2 c6 14.Nxd5 cxd5 15.Bc3 d4
16.Bd2 Qd7 {#d} 1/2-1/2

[Event "Ch Oberschwaben"]
[Site "masterchessopen.com - Baden-Wuerttemberg (Germany)"]
[Round "6"]
[White "Muetz Gunnar (GER)"]
[Black "Gomolla Peter (GER)"]
[Result "1/2-1/2"]
[WhiteElo "2184"]
[BlackElo "2201"]

1.c4 Nf6 2.Nc3 c6 3.e4 d5 4.e5 d4 5.exf6 dxc3 6.bxc3 exf6 7.d4 Bd6 8.Nf3 Be6
9.Be2 O-O 10.O-O Re8 11.Be3 Qc7 12.Qd2 Bg4 13.h3 Bf5 14.c5 Bf8 15.Bd3 Bxd3
16.Qxd3 Nd7 {#d} 1/2-1/2

[Event "It (juniors)"]
[Site "masterchessopen.com - Dresden (Germany)"]
[Round "0"]
[White "Nocke Thomas (GER)"]
[Black "Murawski Grzegorz (POL)"]
[Result "1/2-1/2"]
[WhiteElo "2191"]
[BlackElo "2215"]

1.c4 Nf6 2.Nc3 d5 3.cxd5 Nxd5 4.g3 g6 5.Bg2 Nb6 6.Nf3 Bg7 7.O-O O-O 8.d3 Nc6
9.Be3 e5 10.Qc1 Re8 11.Bh6 Bh8 12.Ne4 Nd4 13.Nxd4 exd4 14.Qc5 {#d} 1/2-1/2

[Event "It (open)"]
[Site "masterchessopen.com - Espoo (Finland)"]
[Round "9"]
[White "Yrjola Jouni (FIN)"]
[Black "Kekki Petri (FIN)"]
[Result "1/2-1/2"]
[WhiteElo "2430"]
[BlackElo "2320"]

1.c4 Nf6 2.Nc3 d5 3.cxd5 Nxd5 4.g3 g6 5.Bg2 Nb6 6.d3 Bg7 7.Be3 h6 8.Qc1 Nc6
9.Bxc6+ bxc6 10.Nf3 Bg4 11.Ne4 {#d} 1/2-1/2

[Event "Bayern Regionalliga Southeast"]
[Site "masterchessopen.com - Germany"]
[Round "2"]
[White "Koenig Bernhard (GER)"]
[Black "Neumueller Theo (GER)"]
[Result "1/2-1/2"]
[WhiteElo "2180"]
[BlackElo "2106"]

1.c4 Nf6 2.Nc3 d5 3.cxd5 Nxd5 4.g3 g6 5.Qa4+ Bd7 6.Qb3 Nxc3 7.Qxc3 Rg8 8.Bg2
Bc6 9.Bxc6+ Nxc6 10.Nf3 Qd5 11.O-O Bg7 12.Qa3 Qe4 13.Qe3 Qxe3 14.fxe3 Rf8 {#d}
1/2-1/2

[Event "Bundesliga (2nd) North 1994/95"]
[Site "masterchessopen.com - Germany"]
[Round "0"]
[White "Ditt Egon (GER)"]
[Black "Schnabel Ralf (GER)"]
[Result "1/2-1/2"]
[WhiteElo "2250"]
[BlackElo "2241"]

1.c4 Nf6 2.Nc3 d5 3.cxd5 Nxd5 4.g3 g6 5.Bg2 Nb6 6.d3 Bg7 7.Be3 O-O 8.Qc1 e5
9.h4 h5 10.Nh3 c6 11.Bh6 Na6 12.Bxg7 Kxg7 13.Ng5 Nc5 14.O-O f6 15.Nge4 Nxe4
16.Nxe4 Nd5 {#d} 1/2-1/2

[Event "Ch Bahn (team)"]
[Site "masterchessopen.com - Germany"]
[Round "0"]
[White "Ruetzel Wolfgang"]
[Black "Duemmke Juergen (GER)"]
[Result "1/2-1/2"]
[WhiteElo "2040"]
[BlackElo "2100"]

1.c4 Nf6 2.Nc3 d5 3.cxd5 Nxd5 4.g3 g6 5.Bg2 Nxc3 6.bxc3 Bg7 7.Nf3 O-O 8.Rb1 c5
9.c4 Nc6 10.O-O Qc7 11.Bb2 e5 12.d3 Rb8 13.Ng5 Bd7 14.Ne4 Ne7 15.Nc3 Qa5
16.Ba1 b6 {#d} 1/2-1/2

[Event "It (cat.11)"]
[Site "masterchessopen.com - Rishon le Zion (Israel)"]
[Round "11"]
[White "Har-Zvi Ronen (ISR)"]
[Black "Liss Eran (ISR)"]
[Result "1/2-1/2"]
[WhiteElo "2535"]
[BlackElo "2480"]

1.c4 Nf6 2.Nc3 d5 3.cxd5 Nxd5 4.Nf3 g6 5.Qa4+ Bd7 6.Qh4 Nxc3 7.dxc3 Nc6 8.e4
e5 9.Bg5 Be7 10.Bc4 h6 11.Bxe7 Qxe7 12.O-O-O Qxh4 13.Nxh4 Rd8 14.Bd5 Ke7
15.Nf3 Kf6 16.Rd3 {#d} 1/2-1/2

[Event "Ch SJRP (juniors) (under 13)"]
[Site "masterchessopen.com - Sargenroth (Germany)"]
[Round "0"]
[White "Baum Christian (GER)"]
[Black "Medwed Eugen"]
[Result "1/2-1/2"]
[WhiteElo "2156"]
[BlackElo "1895"]

1.c4 Nf6 2.Nc3 g6 3.g3 Bg7 4.Bg2 O-O 5.e3 Nc6 6.d4 b6 7.Nge2 Bb7 8.O-O d6
9.Rb1 a5 10.Qa4 Qd7 11.d5 Ne5 12.Qxd7 Nfxd7 13.Nb5 Rfc8 14.b3 a4 15.Bb2 Ng4
{#d} 1/2-1/2

[Event "Ch Belgium (team) 1995/96"]
[Site "masterchessopen.com - Belgium"]
[Round "0"]
[White "Plomp Gordon (NED)"]
[Black "Van Gaalen Bas (NED)"]
[Result "1/2-1/2"]
[WhiteElo "2315"]
[BlackElo "2345"]

1.c4 Nf6 2.Nc3 d5 3.cxd5 Nxd5 4.g3 g6 5.Bg2 Nxc3 6.bxc3 Bg7 7.Nf3 O-O 8.O-O c5
9.Qa4 Nc6 10.Ba3 Qc7 11.Bxc5 Na5 12.Bb4 Nc4 13.Bxe7 Nb6 14.Qh4 Re8 {#d}
1/2-1/2

[Event "Mecklenburg Landesliga"]
[Site "masterchessopen.com - Germany"]
[Round "5"]
[White "Gottschalk Maik"]
[Black "Haack Karin (GER)"]
[Result "1/2-1/2"]
[WhiteElo "1605"]
[BlackElo "2009"]

1.c4 Nf6 2.Nc3 g6 3.g3 d5 4.cxd5 Nxd5 5.Bg2 Nxc3 6.bxc3 Bg7 7.Nf3 c6 8.Rb1 Qa5
9.Qb3 Nd7 10.O-O Nb6 11.c4 Bf5 12.d3 Rb8 13.Be3 {#d} 1/2-1/2

[Event "Oberliga East 1997/98 (play-off)"]
[Site "masterchessopen.com - Germany"]
[Round "0"]
[White "Schunk Thomas Dr (GER)"]
[Black "Paul Mathias (GER)"]
[Result "1/2-1/2"]
[WhiteElo "2238"]
[BlackElo "2068"]

1.c4 Nf6 2.Nc3 d5 3.cxd5 Nxd5 4.g3 g6 5.Bg2 Nb6 6.d3 Bg7 7.Nf3 O-O 8.O-O Nc6
9.h3 e5 10.Be3 Nd4 11.Bxd4 exd4 12.Ne4 c6 13.Qd2 Nd5 14.Rac1 f5 {#d} 1/2-1/2

[Event "Ch Hungary (team) 1996/97"]
[Site "masterchessopen.com - Hungary"]
[Round "3"]
[White "Forintos Gyozo V (HUN)"]
[Black "Konopka Michal (CZE)"]
[Result "1/2-1/2"]
[WhiteElo "2405"]
[BlackElo "2405"]

1.c4 Nf6 2.Nc3 d5 3.cxd5 Nxd5 4.g3 g6 5.Bg2 Nb6 6.d3 Bg7 7.Be3 N8d7 8.Qd2 Nf6
9.Bh6 O-O 10.Nf3 Re8 11.O-O c6 12.Rfd1 e5 13.Rac1 Qe7 {#d} 1/2-1/2

[Event "It (open)"]
[Site "masterchessopen.com - Kassel (Germany)"]
[Round "3"]
[White "Kohlei Rolf (GER)"]
[Black "Brustkern Juergen (GER)"]
[Result "1/2-1/2"]
[WhiteElo "2064"]
[BlackElo "2205"]

1.c4 Nf6 2.Nc3 g6 3.g3 Bg7 4.Bg2 O-O 5.e4 d6 6.Nge2 c5 7.d3 Nc6 8.h3 Rb8 9.Be3
a6 10.a4 Bd7 11.O-O Ne8 12.Kh2 Nc7 13.d4 cxd4 14.Nxd4 Nxd4 15.Bxd4 Bxd4
16.Qxd4 {#d} 1/2-1/2

[Event "Ch Yugoslavia (1/2 final) (open)"]
[Site "masterchessopen.com - Niska Banja (Yugoslavia)"]
[Round "8"]
[White "Djukic Zeljko (SRB)"]
[Black "Dinic Dragan (SRB)"]
[Result "1/2-1/2"]
[WhiteElo "2380"]
[BlackElo "2275"]

1.c4 Nf6 2.Nc3 d5 3.cxd5 Nxd5 4.g3 g6 5.Bg2 Nb6 6.Nf3 Bg7 7.O-O O-O 8.d3 Nc6
9.Be3 e5 10.Rc1 Nd4 11.Nd2 c6 {#d} 1/2-1/2

[Event "Ch Yugoslavia (1/2 final) (open)"]
[Site "masterchessopen.com - Niska Banja (Yugoslavia)"]
[Round "11"]
[White "Raicevic Ivica (SRB)"]
[Black "Solak Dragan (SRB)"]
[Result "1/2-1/2"]
[WhiteElo "2375"]
[BlackElo "2435"]

1.c4 Nf6 2.Nc3 g6 3.g3 Bg7 4.Bg2 O-O 5.d3 e5 6.Nf3 d6 7.O-O a5 8.a3 Bd7 9.h3
a4 10.Rb1 Bc6 11.e4 Nbd7 12.Re1 {#d} 1/2-1/2

[Event "Staatsliga B West 1997/98"]
[Site "masterchessopen.com - Austria"]
[Round "4"]
[White "Heilinger Dietmar (AUT)"]
[Black "Eberharter Johann (AUT)"]
[Result "1/2-1/2"]
[WhiteElo "2161"]
[BlackElo "2058"]

1.c4 Nf6 2.Nc3 g6 3.g3 Bg7 4.Bg2 c6 5.e4 d6 6.Nge2 Be6 7.d3 Qc8 8.h3 Nbd7
9.Nf4 Nf8 10.O-O Bd7 11.Kh2 e5 12.Nfe2 Ne6 13.f4 Qc7 14.Be3 exf4 {#d} 1/2-1/2

[Event "Ch Baden-Wuerttemberg (juniors) (under 20)"]
[Site "masterchessopen.com - Baden-Wuerttemberg (Germany)"]
[Round "0"]
[White "Stanescu Christian (GER)"]
[Black "Krotschak Joscha (GER)"]
[Result "0-1"]
[WhiteElo "2090"]
[BlackElo "2131"]

1.c4 Nf6 2.Nc3 b6 3.Nf3 Bb7 4.g3 e6 5.Bg2 Be7 6.O-O O-O 7.d3 d5 8.cxd5 Nxd5
9.Bd2 c5 10.Nxd5 Bxd5 11.Bc3 Nd7 12.Ne5 Nxe5 13.Bxe5 Bxg2 14.Kxg2 Qd5+ {#R}
0-1

[Event "It (c)"]
[Site "masterchessopen.com - Budapest (Hungary)"]
[Round "3"]
[White "Rodriguez Lopez Rafael (ESP)"]
[Black "Kahn Evarth Dr (HUN)"]
[Result "1/2-1/2"]
[WhiteElo "2325"]
[BlackElo "2270"]

1.c4 Nf6 2.Nc3 g6 3.g3 Bg7 4.Bg2 O-O 5.e3 c6 6.e4 d6 7.Nge2 e5 8.O-O Be6 9.d3
d5 10.exd5 cxd5 11.Bg5 dxc4 12.dxc4 Nbd7 {#d} 1/2-1/2

[Event "It (open)"]
[Site "masterchessopen.com - Finkenstein (Austria)"]
[Round "0"]
[White "Stiemer Soenke (GER)"]
[Black "Posch Roland (AUT)"]
[Result "1/2-1/2"]
[WhiteElo "2048"]
[BlackElo "2155"]

1.c4 Nf6 2.Nc3 g6 3.g3 Bg7 4.Bg2 d6 5.e3 O-O 6.Nge2 e5 7.O-O c6 8.d3 Nbd7
9.Rb1 Nb6 10.b4 d5 11.c5 Nbd7 12.d4 exd4 13.Nxd4 Qc7 14.Qc2 {#d} 1/2-1/2

[Event "Oberliga East 1997/98"]
[Site "masterchessopen.com - Germany"]
[Round "7"]
[White "Nill Oliver (GER)"]
[Black "Haus Volker (GER)"]
[Result "1/2-1/2"]
[WhiteElo "2193"]
[BlackElo "2201"]

1.c4 Nf6 2.Nc3 d5 3.cxd5 Nxd5 4.g3 c6 5.Bg2 e5 6.Nxd5 cxd5 7.Qb3 e4 8.d3 Nc6
9.Bd2 Bc5 10.Rc1 Qb6 11.Qxb6 axb6 12.dxe4 dxe4 13.a3 f5 14.Nh3 O-O {#d}
1/2-1/2

[Event "It (open) (a)"]
[Site "masterchessopen.com - Hassloch (Germany)"]
[Round "3"]
[White "Lindenmaier Reinhard (GER)"]
[Black "Porth Dietmar (GER)"]
[Result "1/2-1/2"]
[WhiteElo "2166"]
[BlackElo "2257"]

1.c4 Nf6 2.Nc3 d5 3.cxd5 Nxd5 4.Nf3 g6 5.Qa4+ c6 6.Qd4 f6 7.e4 Nxc3 8.Qxd8+
Kxd8 9.dxc3 e5 10.Be3 Be6 11.Nd2 {#d} 1/2-1/2

[Event "Cup Russia (open)"]
[Site "masterchessopen.com - Kstovo (Russia)"]
[Round "8"]
[White "Poluljahov Aleksandr (RUS)"]
[Black "Volkov Sergey Viktorovich (RUS)"]
[Result "1/2-1/2"]
[WhiteElo "2510"]
[BlackElo "2535"]

1.c4 Nf6 2.Nc3 c6 3.e4 e5 4.Nf3 Qa5 5.Be2 Bb4 6.O-O O-O 7.Qc2 Re8 8.a3 Bxc3
9.dxc3 d6 10.Bg5 Nbd7 11.Rad1 Qc7 12.Ne1 h6 13.Be3 Nf8 14.g3 Be6 15.f3 {#d}
1/2-1/2

[Event "It (open)"]
[Site "masterchessopen.com - Ljubljana (Slovenia)"]
[Round "6"]
[White "Sher Miron N (USA)"]
[Black "Navinsek Tomaz (SLO)"]
[Result "1/2-1/2"]
[WhiteElo "2425"]
[BlackElo "2290"]

1.c4 Nf6 2.Nc3 d5 3.cxd5 Nxd5 4.g3 g6 5.Bg2 Nxc3 6.bxc3 Bg7 7.Rb1 Nd7 8.c4 O-O
9.d3 c6 10.Qc2 e5 11.Nf3 Re8 12.O-O Nc5 13.Rd1 Qc7 14.Ba3 {#d} 1/2-1/2

[Event "It"]
[Site "masterchessopen.com - Volgograd (Russia)"]
[Round "12"]
[White "Bets Anatolij (MDA)"]
[Black "Saltaev Mihail (UZB)"]
[Result "1/2-1/2"]
[WhiteElo "2350"]
[BlackElo "2490"]

1.c4 Nf6 2.Nc3 d6 3.e4 e5 4.Nf3 c5 5.Be2 Nc6 6.d3 Nd4 7.O-O Be7 8.Nxd4 cxd4
9.Nd5 Nxd5 10.cxd5 O-O {#d} 1/2-1/2

[Event "It (open)"]
[Site "masterchessopen.com - Wattens (Austria)"]
[Round "0"]
[White "Alge Karin"]
[Black "Pieper Harald (GER)"]
[Result "1/2-1/2"]
[WhiteElo "1745"]
[BlackElo "2028"]

1.c4 Nf6 2.Nc3 d5 3.cxd5 Nxd5 4.g3 g6 5.Bg2 c6 6.d4 Bg7 7.e3 O-O 8.Nge2 b6
9.O-O Bb7 10.Qd2 Nd7 11.b3 Rc8 12.Ba3 Re8 13.Rac1 N7f6 14.e4 Nxc3 15.Nxc3 Ng4
16.Rfd1 Bh6 {#d} 1/2-1/2

[Event "It (open) \"]
[Site "masterchessopen.com - Berlin (Germany)"]
[Round "7"]
[White "Hertneck Gerald (GER)"]
[Black "Mittelman Gur (ISR)"]
[Result "1/2-1/2"]
[WhiteElo "2555"]
[BlackElo "2410"]

1.c4 Nf6 2.Nc3 g6 3.g3 Bg7 4.Bg2 O-O 5.e3 c6 6.Nge2 d5 7.cxd5 cxd5 8.d4 Nc6
9.O-O b6 10.b3 Ba6 11.Ba3 Re8 12.Qd2 e6 13.Rfc1 Rc8 14.Nf4 {#d} 1/2-1/2

[Event "It (open) \"]
[Site "masterchessopen.com - Budapest (Hungary)"]
[Round "5"]
[White "Gonda Laszlo (HUN)"]
[Black "Pal Gyorgy (HUN)"]
[Result "1/2-1/2"]
[WhiteElo "2520"]
[BlackElo "2050"]

1.c4 Nf6 2.Nc3 d5 3.cxd5 Nxd5 4.g3 c6 5.Bg2 g6 6.Nf3 Bg7 7.O-O O-O 8.e4 Nb6
9.d4 Bg4 10.Ne2 N8d7 11.Qc2 Rc8 12.Bf4 Nf6 13.h3 Be6 14.Rad1 h6 15.b3 Nh5 {#d}
1/2-1/2

[Event "Czech League 1997/98 (2nd)"]
[Site "masterchessopen.com - Czech Republic"]
[Round "11"]
[White "Simsa Otakar (CZE)"]
[Black "Necada Martin (CZE)"]
[Result "1/2-1/2"]
[WhiteElo "2159"]
[BlackElo "2152"]

1.c4 Nf6 2.Nc3 g6 3.b4 Bg7 4.Bb2 O-O 5.g3 d6 6.Bg2 e5 7.d3 a5 8.a3 axb4 9.axb4
Rxa1 10.Qxa1 Nc6 11.b5 Ne7 12.Nf3 h6 13.O-O Be6 {#d} 1/2-1/2

[Event "Czech League 1997/98 (2nd)"]
[Site "masterchessopen.com - Czech Republic"]
[Round "11"]
[White "Sykora Robert (CZE)"]
[Black "Hadzala Daniel (CZE)"]
[Result "1/2-1/2"]
[WhiteElo "1840"]
[BlackElo "2139"]

1.c4 Nf6 2.Nc3 d6 3.g3 e5 4.Bg2 Be7 5.d3 O-O 6.Nf3 Nbd7 7.O-O Nh5 8.e4 g6
9.Nd5 Ng7 10.Nxe7+ Qxe7 11.d4 c5 12.dxe5 dxe5 {#d} 1/2-1/2

[Event "It (active)"]
[Site "masterchessopen.com - Denmark"]
[Round "4"]
[White "Teimer Torben (DEN)"]
[Black "Andersen Preben (DEN)"]
[Result "1/2-1/2"]
[WhiteElo "2054"]
[BlackElo "2045"]

1.c4 Nf6 2.Nc3 b6 3.e4 e5 4.Nf3 Nc6 5.d3 d6 6.h3 Be7 7.Be3 O-O 8.Qd2 a6 9.a3
Na5 10.Qc2 c5 11.b4 Nc6 12.b5 Nd4 13.Qb2 axb5 14.Nxb5 Nxb5 15.Qxb5 {#d}
1/2-1/2

[Event "It (open)"]
[Site "masterchessopen.com - Helsinki (Finland)"]
[Round "3"]
[White "Kiltti Jyrki (FIN)"]
[Black "Luukkonen Tommi (FIN)"]
[Result "0-1"]
[WhiteElo "2271"]
[BlackElo "2256"]

1.c4 Nf6 2.Nc3 g6 3.b3 Bg7 4.Bb2 O-O 5.Nf3 d6 6.g3 e5 7.d3 e4 8.dxe4 Nxe4
9.Na4 Bxb2 10.Nxb2 Qf6 11.Qc1 Nc6 12.Bg2 Re8 13.Kf1 Nd4 14.Nxd4 {#R} 0-1